000 01015nam a22002651u 4500
001 12544
003 HDC
007 cr bn ---
008 210209p2005 my eng
040 _aHDC
100 _aHasimah Hafiz Ahmad,
_eauthor
_912674
245 0 _aEffect of mechanisation operations on recovery of frozen breaded Gandul pineapple at different processing stages /
_cby Hasimah Hafiz Ahmad and Rafiah Hasanah Mohd. Yusof
260 _aSerdang :
_bMalaysian Agricultural Research and Development Institute (MARDI),
_c2005
300 _a1 page
336 _atext
_2rdacontent
337 _acomputer
_2rdamedia
338 _aonline resource
_2rdacarrier
650 _aBreaded pineapple
_913202
650 _aMechanisation
_913201
650 _aProcessing
_913140
856 _zRequest full-text at [email protected]
942 _2lcc
942 _cAR
942 _kJART 003131
999 _c9867
_d9867